Nelson. Tratado de Pediatría. (Registro nro. 1235)

Detalles MARC
000 -LEADER
fixed length control field 01550nam a2200421 a 4500
005 - FECHA ULTIMA MODIFICACION
control field 20240423121937.0
008 - CAMPO DE CONTROL (LIBRO)
fixed length control field 110624s2013 sp il. f 001 0 spa d
020 ## - INTERNATIONAL STANDARD BOOK NUMBER
ISBN 9788480869577
041 ## - CODIGO DE IDIOMA
Código de idioma del texto/pista de sonido o título separado spa
092 ## - SIGNATURA TOPOGRAFICA DEWEY LOCAL
número de clasificación 618.92
libristica 55
sección NEL
245 ## - TITULO PROPIAMENTE DICHO
Título Nelson. Tratado de Pediatría.
Subtítulo y Título paralelo T.1 /
Mención de responsabilidad y remanente de la transcripción de la portada Robert M. Kliegman
250 ## - MENCION DE EDICION
Mención de edición 19a ed. en español de la obra original en inglés
260 ## - PIE DE IMPRENTA
Lugar de publicación, distribución, etc Barcelona:
Nombre de la editorial, distribuidor, etc Elsevier ; Saunders;
Fecha de publicación 2013.
300 ## - DESCRIPCION FISICA
Extension 1-1294 p.
500 ## - NOTA GENERAL
Nota general Kliegman R. M. et al. (2013). Nelson. Tratado de Pediatría. T.1 (19a ed.). Barcelona : Elsevier ; Saunders.
653 ## - TÉRMINO INDIZADO - PALABRAS CLAVES
Palabra clave Campo de la pediatría
653 ## - TÉRMINO INDIZADO - PALABRAS CLAVES
Palabra clave Crecimiento, desarrolo y conducta
653 ## - TÉRMINO INDIZADO - PALABRAS CLAVES
Palabra clave Trastornos conductuales y enfermedades psiquiátricas
653 ## - TÉRMINO INDIZADO - PALABRAS CLAVES
Palabra clave Trastornos del aprendizaje
653 ## - TÉRMINO INDIZADO - PALABRAS CLAVES
Palabra clave Niños con necesidades especiales
653 ## - TÉRMINO INDIZADO - PALABRAS CLAVES
Palabra clave Nutrición
653 ## - TÉRMINO INDIZADO - PALABRAS CLAVES
Palabra clave Fisiopatología de los líquidos corporales y tratamiento hidroelectrolítico
653 ## - TÉRMINO INDIZADO - PALABRAS CLAVES
Palabra clave Farmacoterapia pediátrica
653 ## - TÉRMINO INDIZADO - PALABRAS CLAVES
Palabra clave Niño con patología aguda
653 ## - TÉRMINO INDIZADO - PALABRAS CLAVES
Palabra clave Genética humana
653 ## - TÉRMINO INDIZADO - PALABRAS CLAVES
Palabra clave Trastornos genéticos del metabolismo
653 ## - TÉRMINO INDIZADO - PALABRAS CLAVES
Palabra clave Feto y el recién nacido
653 ## - TÉRMINO INDIZADO - PALABRAS CLAVES
Palabra clave Medicina de la adolescencia
653 ## - TÉRMINO INDIZADO - PALABRAS CLAVES
Palabra clave Inmunología
653 ## - TÉRMINO INDIZADO - PALABRAS CLAVES
Palabra clave Enfermedades alérgicas
653 ## - TÉRMINO INDIZADO - PALABRAS CLAVES
Palabra clave Enfermedades reumáticas de la infancia
653 ## - TÉRMINO INDIZADO - PALABRAS CLAVES
Palabra clave Enfermedades infecciosas
700 1# - ENTRADAS SECUNDARIAS - NOMBRE PERSONAL
Nombre personal Kliegman, Robert M.
9 (RLIN) 4
700 1# - ENTRADAS SECUNDARIAS - NOMBRE PERSONAL
Nombre personal Behrman, Richard E.
9 (RLIN) 5
700 1# - ENTRADAS SECUNDARIAS - NOMBRE PERSONAL
Nombre personal Stanton, Bonita F.
9 (RLIN) 7
700 1# - ENTRADAS SECUNDARIAS - NOMBRE PERSONAL
Nombre personal St. Geme III, Joseph W.
9 (RLIN) 1955
942 ## - ADDED ENTRY ELEMENTS (KOHA)
Source of classification or shelving scheme Dewey Decimal Classification
Item type Libros
Existencias
Estado de retiro Existencia Fuente de clasificación Estado general No para prestamo Ubicación permanente ubicación actual Sala de ubicación Fecha de adquisición Total Checkouts Total Renewals Número de clasificación Código de barras Date last seen Date last borrowed Número de ejemplar Price effective from Koha tipo de elemento (item) Public note Costo, precio normal de compra Colección Fuente de adquisición Coded location qualifier
    Dewey Decimal Classification     Biblioteca Medicina Biblioteca Medicina Circulación 11/03/2013 89 17 618.92 55 NEL 2773 24/04/2026 22/04/2026 ej.11 11/03/2013 Libros COMPRA PROYECTO PROMED 2DA ETAPA, MARZO 2013        
    Dewey Decimal Classification     Biblioteca Medicina Biblioteca Medicina Circulación 09/05/2013 100 26 618.92 55 NEL 2864 31/10/2025 24/10/2025 ej.12 09/05/2013 Libros COMPRA PROMED 2DO AÑO. Mayo 2013 902.00      
    Dewey Decimal Classification     Biblioteca Medicina Biblioteca Medicina Referencia 09/05/2013 13 4 618.92 55 NEL 2866 13/12/2019 13/12/2019 ej.13 09/05/2013 Reference LIBRO DE CONSULTA. COMPRA PROMED 2DO AÑO. Mayo 2013 902.00 Reference    
    Dewey Decimal Classification     Biblioteca Medicina Biblioteca Medicina Circulación 11/04/2023     618.92 55 NEL 4836 11/04/2023   Ej. 14 11/04/2023 Libros Donación Dra. Ocampo, Patricia. Abril 2023.     Donación Dra. Ocampo, Patricia. Abril 2023.  

UNIVERSIDAD NACIONAL DEL COMAHUE
Biblioteca de la Facultad de Ciencias Médicas
Sede Toschi: Los Arrayanes y Av. Toschi, Cipolletti  - Rio Negro
Sede Los Tordos:  Yrigoyen al 2211, Cipolletti - Rio Negro 

Teléfono: 0299 - 4774707 int 25
Contacto: biblioteca@facimed.uncoma.edu.ar
© 2011 - 2026